Vista normal
Vista MARC
- BALANCE ENERGÉTICO E HÍDRICO
Entrada Término temático
Número de registros utilizados en: 1
001 - NÚMERO DE CONTROL
- campo de control: 9555
003 - IDENTIFICADOR DE NÚMERO DE CONTROL
- campo de control: Iste
005 - FECHA Y HORA DE LA ÚLTIMA TRANSACCIÓN
- campo de control: 20260408122516.0
008 - ELEMENTOS DE DATO DE LONGITUD-FIJA
- campo de control de longitud fija: 260408|| aca||aabn | a|a d
040 ## - FUENTE DE CATALOGACIÓN
- Centro catalogador/agencia de origen: Iste
- Centro/agencia transcriptor: Iste
150 ## - ENCABEZAMIENTO--TÉRMINO DE MATERIA
- Término de materia o nombre geográfico como elemento de entrada: BALANCE ENERGÉTICO E HÍDRICO
670 ## - FUENTE DE DATOS ENCONTRADOS
- Cita de la fuente: Work cat.: (Iste)1888: Mataix Verdú, José Autor Autor 9509, Nutrición y alimentación humana:, 2022
